000 00634nam a2200205Ia 4500
003 GCL
008 140319s9999 xx 000 0 ara d
040 _aGCL /
_cGCL
082 0 4 _a591
_bا ح
100 1 _aاحمد غسان سبانو
245 1 0 _aالحصان العربى وخيول العالم /
_cاحمد غسان سبانو
300 _a309 ص
490 _aالهيئة العامة للاستعلامات
_v0
650 0 4 _aالحيوانات الاليفة
650 0 4 _aالحصان
650 0 4 _aالحيوان، علم
650 0 4 _aالخيول
650 0 4 _aالحيوانات - تربية
942 _2ddc
_cBK
999 _c48241
_d48241